00394nam a2200121Ia 45000010005000000080041000050820025000461000041000712450093001122600024002059010028002299990015002573280241024s9999 xx 000 0 und d aRD/610.4/SE456p/2009 aSeguro Médico para Maestros, SEMMA 0aInforme pensiones casos de Dres. Fernando Adriano Conde y Glauco E. González Jiménez bSanto Domingoc2009 a10/9/2013 11:08:21 a.m. c8140d8140